Lý thuyết và thực hành kỹ thuật nhiếp ảnh hiện đại (Từ nguyên tác : Le guide marabout de la photo grahie)
Giới thiệu về lý thuyết và thực hành kỹ thuật nhiếp ảnh hiện đại
Đã lưu trong:
| Formáid: | Leabhar |
|---|---|
| Teanga: | Undetermined |
| Foilsithe: |
Thành phố Hồ Chí Minh
Trẻ
[1996]
|
| Ábhair: | |
| Clibeanna: |
Cuir Clib Leis
Gan Chlibeanna, Bí ar an gcéad duine leis an taifead seo a chlibeáil!
|
| Thư viện lưu trữ: | Trung tâm Học liệu Trường Đại học Cần Thơ |
|---|
| LEADER | 00748nam a2200193Ia 4500 | ||
|---|---|---|---|
| 001 | CTU_146331 | ||
| 008 | 210402s9999 xx 000 0 und d | ||
| 082 | |a 771 | ||
| 082 | |b L600 | ||
| 245 | 0 | |a Lý thuyết và thực hành kỹ thuật nhiếp ảnh hiện đại | |
| 245 | 0 | |b (Từ nguyên tác : Le guide marabout de la photo grahie) | |
| 245 | 0 | |c Hoài Nam dịch | |
| 260 | |a Thành phố Hồ Chí Minh | ||
| 260 | |b Trẻ | ||
| 260 | |c [1996] | ||
| 520 | |a Giới thiệu về lý thuyết và thực hành kỹ thuật nhiếp ảnh hiện đại | ||
| 650 | |a Photography,Nghệ thuật nhiếp ảnh | ||
| 904 | |i Nguyên | ||
| 980 | |a Trung tâm Học liệu Trường Đại học Cần Thơ | ||